Sports Quiz

Random Sports or Alphabet Quiz

Cover the Alphabet - NBA Teams Quiz Stats

 Plays Quiz Updated Apr 15, 2019

Score 0/52 Timer 01:30
3 Plays Today
% Correct
F - Go
100%
Q - Go
99.8%
X - Go
99.8%
Y - Go
99.8%
F - Go
99.8%
Q - Go
99.8%
X - Go
99.8%
Y - Go
99.8%
S - Suns...
93%
S - Suns...
93%
A - Jazz...
92.4%
A - Jazz...
92.4%
E - Heat...
92.1%
E - Heat...
92.1%
R - Raptors...
91.8%
R - Raptors...
91.8%
I - Kings...
91.6%
I - Kings...
91.6%
T - Heat...
91.2%
T - Heat...
91.2%
C - Bucks...
91%
C - Bucks...
91%
L - Lakers...
90.8%
L - Lakers...
90.8%
K - Knicks...
90.2%
K - Knicks...
90.2%
% Correct
N - Nets...
89.7%
N - Nets...
89.7%
W - Hawks...
88.2%
W - Hawks...
88.2%
O - Pistons...
87.4%
U - Suns...
87.4%
O - Pistons...
87.4%
U - Suns...
87.4%
P - Spurs...
86.4%
P - Spurs...
86.4%
Z - Jazz...
86.3%
Z - Jazz...
86.3%
H - Heat...
85%
H - Heat...
85%
B - Bulls...
84.8%
B - Bulls...
84.8%
M - Magic...
80.6%
M - Magic...
80.6%
G - Kings...
80.5%
G - Kings...
80.5%
V - Cavaliers...
76.9%
V - Cavaliers...
76.9%
J - Jazz
74.3%
J - Jazz
74.3%
D - Thunder...
65.6%
D - Thunder...
65.6%

You're not logged in!

Compare scores with friends on all Sporcle quizzes.
OR
Log In

Sporcle TV

Today on Sporcle TV


Watch our educational content, quiz creation guides, and fun videos on Sporcle TV.

Show Comments

Extras

Top Quizzes Today


Score Distribution

Your Account Isn't Verified!

In order to create a playlist on Sporcle, you need to verify the email address you used during registration. Go to your Sporcle Settings to finish the process.

Report this User

Report this user for behavior that violates our Community Guidelines.

Details: